000 00492nam a2200181Ia 4500
001 22268
005 20260414150820.0
008 260414t2011||||xx |||||||||||||| ||spa||
041 _aESP
082 _a621.3
_bP45
100 _aPérez Jiménez, Oscar
_eAUT
245 0 _aCómo ser un buen profesional eléctrico :
_bmantenimiento eléctrico y solución de averías
260 _c2011
300 _a172 páginas :
_c24 cm.
650 _aTCA
654 _aCET
942 _cLIB
_dJUS
_fJUS
_2ddc
_n
999 _c22268
_d22268